000 00407nam a2200097Ia 4500
008 180130s9999 xx 000 0 und d
245 _cJasny, Barbara R.
_aRealities of data sharing using the genome wars as case study - an historical perspective and commentary
260 _c2016
300 _aBook title: Knowledge discovery in databases--Acession number C20553; pages 192-206
650 _aKNOWLEDGE DISCOVERY
999 _c354230
_d354230